<?xml version="1.0" encoding="UTF-8"?>
<record
    xmlns:xsi="http://www.w3.org/2001/XMLSchema-instance"
    xsi:schemaLocation="http://www.loc.gov/MARC21/slim http://www.loc.gov/standards/marcxml/schema/MARC21slim.xsd"
    xmlns="http://www.loc.gov/MARC21/slim">

  <leader>01749nam a2200337   4500</leader>
  <controlfield tag="003">OSt</controlfield>
  <controlfield tag="005">20240507085828.0</controlfield>
  <controlfield tag="007">cr ||||||a|c|a</controlfield>
  <controlfield tag="008">240506s2024    mx a|||fom||| 001 0 spa d</controlfield>
  <datafield tag="040" ind1=" " ind2=" ">
    <subfield code="e">rda</subfield>
  </datafield>
  <datafield tag="100" ind1="1" ind2=" ">
    <subfield code="9">189064</subfield>
    <subfield code="a">Laguna Cabrera, Jos&#xE9; Luis</subfield>
  </datafield>
  <datafield tag="245" ind1="1" ind2="0">
    <subfield code="a">Intercambio comercial, limitantes y oportunidades para los productos maderables de M&#xE9;xico, en el comercio internacional /</subfield>
    <subfield code="c">por Jos&#xE9; Luis Laguna Cabrera y Flores Alvarez Leonardo; direcci&#xF3;n Mar&#xED;a Alejandra Hinojosa Rodr&#xED;guez; secretario Javier Ruiz Ledezma; vocal Jos&#xE9; Samuel Banda Arrieta; suplente Mar&#xED;a Anel de la Vega Mena; suplente H&#xE9;ctor Rosas Gonz&#xE1;lez</subfield>
  </datafield>
  <datafield tag="264" ind1=" " ind2="1">
    <subfield code="a">Chapingo, M&#xE9;xico :</subfield>
    <subfield code="b">El autor,</subfield>
    <subfield code="c">2024.</subfield>
  </datafield>
  <datafield tag="300" ind1=" " ind2=" ">
    <subfield code="a">1 recurso en l&#xED;nea (114 p&#xE1;ginas):</subfield>
    <subfield code="b">Ilustraciones, cuadros, gr&#xE1;ficas.</subfield>
  </datafield>
  <datafield tag="336" ind1=" " ind2=" ">
    <subfield code="2">rdacontent</subfield>
    <subfield code="a">texto</subfield>
    <subfield code="b">txt</subfield>
  </datafield>
  <datafield tag="337" ind1=" " ind2=" ">
    <subfield code="2">rdamedia</subfield>
    <subfield code="a">computadora</subfield>
    <subfield code="b">c</subfield>
  </datafield>
  <datafield tag="338" ind1=" " ind2=" ">
    <subfield code="2">rdacarrier</subfield>
    <subfield code="a">recurso en l&#xED;nea</subfield>
    <subfield code="b">cr</subfield>
  </datafield>
  <datafield tag="502" ind1=" " ind2=" ">
    <subfield code="b">LCI</subfield>
    <subfield code="c">DICEA</subfield>
    <subfield code="d">2024</subfield>
    <subfield code="g">LIC</subfield>
  </datafield>
  <datafield tag="504" ind1=" " ind2=" ">
    <subfield code="a">Incluye referencias bibliogr&#xE1;ficas: p&#xE1;ginas110-114</subfield>
  </datafield>
  <datafield tag="650" ind1=" " ind2="4">
    <subfield code="9">168971</subfield>
    <subfield code="a">Madera </subfield>
    <subfield code="x"> Mercadeo  Productos forestales</subfield>
  </datafield>
  <datafield tag="650" ind1=" " ind2="4">
    <subfield code="9">170046</subfield>
    <subfield code="a">Madera  Industria maderera</subfield>
  </datafield>
  <datafield tag="650" ind1=" " ind2="4">
    <subfield code="9">58006</subfield>
    <subfield code="a">Industrias forestales</subfield>
    <subfield code="z">M&#xE9;xico</subfield>
  </datafield>
  <datafield tag="700" ind1="1" ind2=" ">
    <subfield code="9">189065</subfield>
    <subfield code="a">Flores Alvarez, Leonardo</subfield>
    <subfield code="e">Autor</subfield>
  </datafield>
  <datafield tag="700" ind1="1" ind2=" ">
    <subfield code="9">55528</subfield>
    <subfield code="a">Hinojosa Rodr&#xED;guez, Mar&#xED;a Alejandra</subfield>
    <subfield code="e">Direcci&#xF3;n</subfield>
  </datafield>
  <datafield tag="700" ind1="1" ind2=" ">
    <subfield code="9">100710</subfield>
    <subfield code="a">Ruiz Ledesma, Javier</subfield>
    <subfield code="e">Secretario</subfield>
  </datafield>
  <datafield tag="700" ind1="0" ind2=" ">
    <subfield code="9">9930</subfield>
    <subfield code="a">Banda Arrieta, Jos&#xE9; Samuel</subfield>
    <subfield code="e">Vocal</subfield>
  </datafield>
  <datafield tag="700" ind1="1" ind2=" ">
    <subfield code="9">118287</subfield>
    <subfield code="a">Vega Mena, Mar&#xED;a Anel de la</subfield>
    <subfield code="e">Suplente</subfield>
  </datafield>
  <datafield tag="700" ind1="1" ind2=" ">
    <subfield code="9">100017</subfield>
    <subfield code="a">Rosas Gonz&#xE1;lez, H&#xE9;ctor</subfield>
    <subfield code="e">Suplente</subfield>
  </datafield>
  <datafield tag="856" ind1=" " ind2=" ">
    <subfield code="u">http://10.13.5.2/tesis/tl/1511287-8_Y_1710729-2_LAGUNA_CABRERA_JOSELUIS_Y_FLORES_ALVAREZ_LEONARDO.pdf</subfield>
    <subfield code="z">DESCARGAR PDF</subfield>
  </datafield>
  <datafield tag="942" ind1=" " ind2=" ">
    <subfield code="2">Clasificaci&#xF3;n Universidad Aut&#xF3;noma Chapingo</subfield>
    <subfield code="c">TD</subfield>
  </datafield>
  <datafield tag="999" ind1=" " ind2=" ">
    <subfield code="c">219902</subfield>
    <subfield code="d">219902</subfield>
  </datafield>
  <datafield tag="952" ind1=" " ind2=" ">
    <subfield code="0">0</subfield>
    <subfield code="1">0</subfield>
    <subfield code="2">local</subfield>
    <subfield code="4">0</subfield>
    <subfield code="5">1</subfield>
    <subfield code="7">0</subfield>
    <subfield code="8">TesDigL</subfield>
    <subfield code="a">BD</subfield>
    <subfield code="b">BD</subfield>
    <subfield code="c">E_L</subfield>
    <subfield code="d">2024-05-06</subfield>
    <subfield code="l">0</subfield>
    <subfield code="o">Tesis digital</subfield>
    <subfield code="r">2024-05-06 00:00:00</subfield>
    <subfield code="w">2024-05-06</subfield>
    <subfield code="y">TD</subfield>
  </datafield>
</record>
